Statistics for Famous Vegetarians - Picture Quiz #6

Click here to take the quiz!

General Stats

  • This quiz has been taken 62 times
  • The average score is 9 of 15

Answer Stats

Answer% Correct
Leonardo DiCaprio
97%
Bob Marley
90%
George Harrison
90%
Gwyneth Paltrow
86%
Brigitte Bardot
76%
Susan Sarandon
72%
Gwen Stefani
69%
Brian May
59%
Ted Danson
55%
Kate Moss
52%
Peter Dinklage
48%
Jon Stewart
45%
Chaka Khan
41%
Corey Feldman
34%
Method Man
14%

Score Distribution

Percentile by Number Answered

Percent of People with Each Score

Your Score History

You have not taken this quiz